| 000 | 01055nam a2200301 i 4500 | ||
|---|---|---|---|
| 001 | bg | ||
| 245 | 1 | 0 |
_aPodatek dochodowy od osób fizycznych : _brok 2007 : komentarz / _cred. Janusz Marciniuk ; aut. Antoni Dąbrowski [et al.]. |
| 250 | _a8. wyd., stan prawny kwiecień 2007 r. | ||
| 260 |
_aWarszawa : _bWydawnictwo C.H. Beck, _c2007. |
||
| 300 |
_aXV, [1], 1404 s. ; _c22 cm. |
||
| 490 | 1 | _aPodatkowe Komentarze Becka | |
| 500 | _aNa s. red. błędnie 7. wyd. | ||
| 650 | 9 |
_aPodatek dochodowy od osób fizycznych _xprawo _zPolska _ystan na 2007 r. |
|
| 700 | 1 |
_aMarciniuk, Janusz. _eRed. |
|
| 700 | 1 |
_aDąbrowski, Antoni _c(prawo podatkowe). |
|
| 830 | _aPodatkowe Komentarze Becka | ||
| 015 | _aPB 19210/2007 | ||
| 020 | _a9788374835428 | ||
| 020 | _a9788374835428 | ||
| 040 | _cBPK | ||
| 041 | 0 | _apol | |
| 044 | _aPOL | ||
| 080 | _a336.226.11(438)(094.4.072) | ||
| 920 | _a978-83-7483-542-8 | ||
| 942 | _cKS | ||
| 008 | 080317s2007 pl l |001 0 pol | ||
| 999 |
_c54545 _d54545 |
||
| 856 |
_uhttp://koha.tu.koszalin.pl/cgi-bin/koha/opac-detail.pl?biblionumber=54545 _yKatalog online BPK |
||